Richard Wagner a Mathilde Wesendonk: journal et lettres, 1853-1871
Gespeichert in:
| Format: | Buch |
|---|---|
| Sprache: | Französisch |
| Veröffentlicht: |
París
Fischbacher
1905
|
| Schlagworte: | |
| Tags: |
Tag hinzufügen
Keine Tags, Fügen Sie den ersten Tag hinzu!
|
MARC
| LEADER | 00000nam a2200000 a 4500 | ||
|---|---|---|---|
| 001 | UCN2387 | ||
| 003 | CL-VaPUC | ||
| 008 | 010518e19050000FR |||||||||||||||||fre|d | ||
| 082 | 0 | 4 | |a 780.0836 |b RIC |2 21 |
| 245 | 1 | 0 | |a Richard Wagner a Mathilde Wesendonk: journal et lettres, 1853-1871 |
| 300 | |a v | ||
| 942 | |c BK | ||
| 945 | |d 20010518 00:00:00 |a crobeson | ||
| 260 | |a París |b Fischbacher |c 1905 | ||
| 600 | 0 | 7 | |a WESENDONK, MATHILDE |2 CL-VaPUC |9 458195 |
| 650 | 0 | |a Compositores alemanes |9 324765 | |
| 650 | 0 | |a Correspondencia |9 258963 | |
| 583 | |a last modification |c 20010518 00:00:00 |k Rodrigo Vera | ||
| 999 | |c 295490 |d 295488 | ||
| 952 | |0 0 |1 0 |4 0 |6 780_083600000000000_RIC_1905 |7 0 |8 A |9 348714 |a BIBEDU |b BIBEDU |d 2019-11-20 |h v.1 |i 1183036 |o 780.0836 RIC 1905 |p 1183036 |r 2023-01-12 |w 2019-11-20 |y BK |k MUS | ||